| 000 | 00789nam a2200205Ia 4500 | ||
|---|---|---|---|
| 003 | GCL | ||
| 005 | 20240530101811.0 | ||
| 008 | 140319s9999 xx 000 0 ara d | ||
| 040 |
_aGCL / _cGCL |
||
| 082 | 0 | 4 |
_a375.301/ _bب ط |
| 100 | 1 | _aبار، روبرت | |
| 245 | 1 | 0 |
_aطبيعة المواد الاجتماعية / _cتاليف روبرت بار، جيمس بارز، صامويل شيرمس ؛ ترجمة فاطمة ابراهيم حميدة |
| 260 |
_aالقاهرة : _bمكتبة النهضة المصرية ، _c1987 |
||
| 300 | _a124 ص | ||
| 650 | 0 | 4 | _aالاجتماع |
| 700 | 0 |
_aفاطمة ابراهيم حميدة _eمترجم |
|
| 700 | 1 |
_aبارز، جيمس _eمؤلف مشارك |
|
| 700 | 1 |
_aشيرمس، صامويل _eمؤلف مشارك |
|
| 942 |
_2ddc _cBK |
||
| 999 |
_c27798 _d27798 |
||